000 00229nam a22000857a 4500
008 161219b xxu||||| |||| 00| 0 eng d
100 _92117
_aSharma, N
245 _aEnglish Conversastion 4
260 _aNew Delhi
_bDhruv Enterprises
_c2002
999 _c4999
_d4999